| 000 | 00909nam a2200265 a 4500 | ||
|---|---|---|---|
| 001 | 43150 | ||
| 003 | BD-RjUL | ||
| 005 | 20211209053644.0 | ||
| 008 | 160619r19171950nyu b 001 0 eng d | ||
| 035 | _a(BD-RjUL)43268 | ||
| 040 |
_aDLC _cINU _dOCL _dBD-RjUL _beng |
||
| 041 | _aeng | ||
| 082 |
_a330.9 _bOGE 1950 |
||
| 100 | 1 |
_aOgg, Frederic Austin, _d1878-1951. _9132514 |
|
| 245 | 1 | 0 |
_aEconomic development of modern Europe / _cby Frederic Austin Ogg ... with supplementary chapters by Walter Rice Sharp |
| 250 | _aRev. ed | ||
| 260 |
_aNew York : _bMacmillan, _c1917 [Printing 1950-1953] |
||
| 300 |
_axvi p., 861 p. ; _c23 cm |
||
| 504 | _aIncludes bibliographical references and index | ||
| 651 | 0 |
_aEurope _xEconomic conditions _y1918-1945 _9128931 |
|
| 651 | 0 |
_aEurope _xSocial conditions _9132462 |
|
| 700 | 1 |
_aSharp, Walter Rice, _d1896-1977 _9132515 |
|
| 942 |
_2ddc _cBK |
||
| 999 |
_c43150 _d43150 |
||